[Event "ISR-chT 13"]
[Site "Israel"]
[Date "2013.02.08"]
[Round "11.4"]
[White "Bykhovsky, Avigdor"]
[Black "Drozdov, Alexandre"]
[Result "1-0"]
[WhiteElo "2435"]
[BlackElo "2328"]
[PlyCount "79"]
[EventDate "2012.12.21"]
[EventType "team"]
[EventRounds "11"]
[EventCountry "ISR"]
[SourceTitle "EXT 2014"]
[Source "ChessBase"]
[SourceDate "2013.11.20"]
[SourceVersion "1"]
[SourceVersionDate "2013.11.20"]
[SourceQuality "1"]

1. d4 d5 2. c4 c6 3. Nf3 Nf6 4. e3 a6 5. Nbd2 b5 6. c5 Bg4 7. h3 Bxf3 8. Nxf3 Nbd7 9. Bd2 g6 10. Be2 Bg7 11. 0-0 Ne4 12. a4 0-0 13. b4 Qc7 14. Ra2 e5 15. Qa1 Nxd2 16. Nxd2 exd4 17. exd4 Rae8 18. Bf3 Qf4 19. Nb3 Nf6 20. axb5 axb5 21. Ra6 Re6 22. Re1 Rfe8 23. Rxe6 Rxe6 24. Rxc6 Re8 25. Ra6 Bf8 26. Qd1 h5 27. Ra1 Qf5 28. Qb1 Ne4 29. Qd3 g5 30. Qxb5 Nf6 31. Bxh5 Qc2 32. Na5 Qc3 33. Rf1 Qxd4 34. Bf3 Qf4 35. Nc6 g4 36. hxg4 Nxg4 37. Bxg4 Qxg4 38. Qd3 Re6 39. Qxd5 Rh6 40. Qxf7+ 1-0

[Event "ISR-chT 1011"]
[Site "Israel"]
[Date "2011.05.27"]
[Round "7.3"]
[White "Drozdov, Alexandre"]
[Black "Bykhovsky, Avigdor"]
[Result "0-1"]
[WhiteElo "2319"]
[BlackElo "2428"]
[PlyCount "98"]
[EventDate "2010.12.24"]
[EventType "team-tourn"]
[EventRounds "11"]
[EventCountry "ISR"]
[SourceTitle "EXT 2012"]
[Source "ChessBase"]
[SourceDate "2011.11.24"]
[SourceVersion "1"]
[SourceVersionDate "2011.11.24"]
[SourceQuality "1"]
[WhiteTeam "Netanya"]
[BlackTeam "Herzliya"]
[WhiteTeamCountry "ISR"]
[BlackTeamCountry "ISR"]

1. d4 d5 2. Bg5 h6 3. Bh4 c6 4. e3 Qb6 5. b3 e5 6. Nf3 Bg4 7. Be2 Bxf3 8. Bxf3 Nd7 9. 0-0 Be7 10. Bg3 e4 11. Be2 Ngf6 12. c4 0-0 13. Nc3 Qa5 14. Qc2 Rfc8 15. a3 Qd8 16. f3 exf3 17. Bxf3 Nf8 18. Qf2 Bd6 19. Be5 dxc4 20. Bxd6 Qxd6 21. e4 Qe6 22. bxc4 Qxc4 23. Rac1 Qe6 24. e5 Nd5 25. Ne4 Rc7 26. Nd6 Rd8 27. Rc5 Nb6 28. Qg3 Qg6 29. Qh3 Qd3 30. Rd1 Qe3+ 31. Kh1 Ne6 32. Rcc1 Rcd7 33. a4 Nf4 34. Qf5 g6 35. Qg4 Nd3 36. Rc2 Rxd6 37. exd6 Nf2+ 38. Rxf2 Qxf2 39. a5 Nc4 40. d5 Ne3 41. Qd4 Nxd1 42. Qxd1 Rxd6 43. Qc1 cxd5 44. h3 Qg3 45. Qc8+ Kg7 46. Qc3+ d4 47. Qd2 Qe5 48. Bxb7 Re6 49. Qd3 Qf4 0-1

[Event "ISR-chT 1011"]
[Site "Israel"]
[Date "2011.03.04"]
[Round "3.3"]
[White "Soffer, Ram"]
[Black "Drozdov, Alexandre"]
[Result "1-0"]
[WhiteElo "2489"]
[BlackElo "2319"]
[PlyCount "141"]
[EventDate "2010.12.24"]
[EventType "team-tourn"]
[EventRounds "11"]
[EventCountry "ISR"]
[SourceTitle "EXT 2012"]
[Source "ChessBase"]
[SourceDate "2011.11.24"]
[SourceVersion "1"]
[SourceVersionDate "2011.11.24"]
[SourceQuality "1"]
[WhiteTeam "Porat Mathematics"]
[BlackTeam "Netanya"]
[WhiteTeamCountry "ISR"]
[BlackTeamCountry "ISR"]

1. c4 c6 2. Nf3 d5 3. g3 Nf6 4. Bg2 g6 5. b3 Bg7 6. Bb2 0-0 7. 0-0 Nbd7 8. d4 b5 9. Ne5 Bb7 10. cxd5 Nxe5 11. dxe5 Nxd5 12. Qc2 Qb6 13. Rd1 Rac8 14. a3 f5 15. b4 f4 16. Bd4 Qc7 17. Qb2 Rf5 18. Bh3 Rh5 19. Be6+ Kh8 20. g4 Rh4 21. Nd2 c5 22. Nf3 cxd4 23. Nxh4 Nc3 24. Bxc8 Qxc8 25. f3 Bxe5 26. Rd3 Bf6 27. Ng2 e5 28. Qd2 Qc4 29. Rxc3 dxc3 30. Qd6 Qd4+ 31. Qxd4 exd4 32. Ne1 Bd5 33. a4 Bc4 34. Nd3 a6 35. axb5 Bxb5 36. Kf1 Be7 37. Ke1 Bd6 38. Kd1 Kg7 39. g5 Kf7 40. Kc2 Ke6 41. h4 Kd5 42. Kb3 Bc4+ 43. Kc2 Kc6 44. Ra5 Kb6 45. Ra1 Be6 46. Ra5 Bc4 47. Ra1 Kc6 48. Ra5 Bb5 49. Kb3 Kd5 50. Ra1 Ke6 51. Kc2 Kf5 52. Ra5 Bf8 53. Ra1 h6 54. gxh6 Bxh6 55. Kb3 Bg7 56. Rg1 Bh6 57. Rg2 g5 58. Rg4 gxh4 59. Rxh4 Bg5 60. Rg4 Be8 61. Kc4 Bb5+ 62. Kd5 c2 63. Rg1 Be7 64. Rc1 Ba4 65. Nc5 Bxc5 66. bxc5 Bb3+ 67. Kd6 a5 68. c6 a4 69. c7 Be6 70. Rxc2 a3 71. c8Q 1-0

[Event "Champions Challenge 123rd"]
[Site "Playchess.com INT"]
[Date "2005.12.03"]
[Round "1.1"]
[White "Drozdovskij, Yuri"]
[Black "Drozdov, Alexandre"]
[Result "1-0"]
[WhiteElo "2517"]
[BlackElo "2047"]
[PlyCount "35"]
[EventDate "2005.12.03"]
[EventType "k.o. (blitz)"]
[EventRounds "5"]
[EventCountry "GER"]
[SourceTitle "EXT 2007"]
[Source "ChessBase"]
[SourceDate "2006.11.23"]
[SourceVersion "1"]
[SourceVersionDate "2006.11.23"]
[SourceQuality "1"]

1. d4 d5 2. c4 c6 3. cxd5 cxd5 4. Nc3 Nc6 5. Nf3 Nf6 6. Bf4 Qb6 7. a3 Bf5 8. e3 Qxb2 9. Na4 Qc2 10. Qxc2 Bxc2 11. Nc5 e6 12. Nxb7 Be7 13. Bb5 Rc8 14. Ne5 0-0 15. Nxc6 Rfe8 16. Rc1 Bg6 17. Nxe7+ Rxe7 18. Rxc8+ 1-0

[Event "Champions Challenge 106th"]
[Site "Playchess.com INT"]
[Date "2005.08.06"]
[Round "1.1"]
[White "Sofronie, Iulian"]
[Black "Drozdov, Alexandre"]
[Result "1-0"]
[WhiteElo "2452"]
[BlackElo "2312"]
[PlyCount "133"]
[EventDate "2005.08.06"]
[EventType "k.o. (blitz)"]
[EventRounds "5"]
[EventCountry "GER"]
[SourceTitle "EXT 2007"]
[Source "ChessBase"]
[SourceDate "2006.11.23"]
[SourceVersion "1"]
[SourceVersionDate "2006.11.23"]
[SourceQuality "1"]

1. e4 e6 2. d4 d5 3. Nd2 Nf6 4. e5 Nfd7 5. Bd3 c5 6. c3 Nc6 7. Ne2 cxd4 8. cxd4 f6 9. exf6 Nxf6 10. 0-0 Bd6 11. Nf3 Qc7 12. Bg5 0-0 13. Bh4 e5 14. dxe5 Nxe5 15. Nxe5 Bxe5 16. Bg3 Bg4 17. Rc1 Qd6 18. Qb3 Rae8 19. Nd4 b6 20. Nb5 Qb8 21. Nc7 Bxg3 22. hxg3 Rd8 23. Rfe1 Rf7 24. Ne6 Bxe6 25. Rxe6 Re8 26. Rce1 Rxe6 27. Rxe6 Qc8 28. Re1 Rc7 29. Qd1 Qf8 30. Bf5 g6 31. Be6+ Kg7 32. g4 h6 33. Qd4 Re7 34. Re3 Qe8 35. Bxd5 Rxe3 36. fxe3 Qc8 37. Bf3 Qc1+ 38. Kf2 Qc2+ 39. Kg3 Qb1 40. Qe5 Qxa2 41. b4 Qf7 42. b5 Kf8 43. Bc6 Qe7 44. Qf4 Kg7 45. e4 Qa3+ 46. Kh2 g5 47. Qf5 Qd6+ 48. Kh3 Qd3+ 49. Kh2 Qd6+ 50. Kh3 Qf4 51. e5 Qxf5 52. gxf5 Nh5 53. g3 Kf7 54. Kg2 Ng7 55. g4 h5 56. Bd5+ Ke8 57. f6 Kf8 58. fxg7+ Kxg7 59. gxh5 Kh6 60. e6 Kg7 61. h6+ Kxh6 62. e7 g4 63. e8Q g3 64. Kxg3 a5 65. Qg8 a4 66. Be4 a3 67. Qg6# 1-0

[Event "ISR-chT"]
[Site "Israel"]
[Date "2005.05.13"]
[Round "11"]
[White "Roiz, Michael"]
[Black "Drozdov, Alexandre"]
[Result "1-0"]
[WhiteElo "2579"]
[BlackElo "2324"]
[PlyCount "89"]
[EventDate "2005.01.08"]
[EventType "team-tourn"]
[EventRounds "11"]
[EventCountry "ISR"]
[SourceTitle "CBM 107"]
[Source "ChessBase"]
[SourceDate "2005.08.01"]
[SourceVersion "1"]
[SourceVersionDate "2005.08.01"]
[SourceQuality "1"]

1. g3 d5 2. Nf3 Bg4 3. Bg2 Nf6 4. c4 e6 5. Qb3 Qc8 6. Ne5 c6 7. Nxg4 Nxg4 8. d4 Bd6 9. Nc3 Nf6 10. Bg5 Nbd7 11. Rc1 Qb8 12. 0-0 h6 13. Bd2 a6 14. e4 dxe4 15. Nxe4 Nxe4 16. Bxe4 0-0 17. Rfd1 Rd8 18. Ba5 Bc7 19. Bc3 Bd6 20. Bb1 Nf8 21. a4 Be7 22. d5 cxd5 23. cxd5 exd5 24. Rxd5 Rxd5 25. Qxd5 Qc7 26. Be4 Rb8 27. Qe5 Qxe5 28. Bxe5 Re8 29. Bxb7 a5 30. Bc3 Rb8 31. Bd5 Bd8 32. Be5 Rb6 33. Rc8 Be7 34. Rc7 Ng6 35. Bc3 Ra6 36. h4 h5 37. Kf1 Rb6 38. Ra7 Rd6 39. Rxa5 Bd8 40. Rb5 Ne7 41. Bb3 g6 42. Rb7 Kf8 43. a5 f5 44. Bc4 f4 45. gxf4 1-0

[Event "Canarias en Red prel 1st"]
[Site "Playchess.com INT"]
[Date "2004.05.03"]
[Round "3"]
[White "Drozdov, Alexandre"]
[Black "Markus, Robert"]
[Result "0-1"]
[WhiteElo "2064"]
[BlackElo "2532"]
[PlyCount "44"]
[EventDate "2004.05.03"]
[EventType "swiss (blitz)"]
[EventRounds "13"]
[EventCountry "GER"]
[SourceTitle "EXT 2005"]
[Source "ChessBase"]
[SourceDate "2004.11.15"]
[SourceVersion "1"]
[SourceVersionDate "2004.11.15"]
[SourceQuality "1"]

1. d4 d5 2. Bg5 f6 3. Bh4 Nh6 4. e3 Nf5 5. Bg3 h5 6. h4 Nxg3 7. fxg3 Qd6 8. Kf2 Bg4 9. Be2 Bxe2 10. Nxe2 Nd7 11. Rf1 0-0-0 12. Kg1 e5 13. Nd2 g6 14. c4 Bh6 15. Qb3 exd4 16. Nxd4 Rhe8 17. Rae1 Qxg3 18. N2f3 dxc4 19. Qxc4 Ne5 20. Nxe5 Bxe3+ 21. Rxe3 Qxe3+ 22. Kh1 Rxd4 0-1

[Event "Rishon Le Ziyyon"]
[Site "Rishon Le Ziyyon"]
[Date "2004.03.27"]
[Round "8"]
[White "Drozdov, Alexandre"]
[Black "Pliskine, Valeri"]
[Result "0-1"]
[WhiteElo "2344"]
[BlackElo "2212"]
[PlyCount "104"]
[EventDate "2004.03.20"]
[EventType "tourn"]
[EventRounds "9"]
[EventCountry "ISR"]
[EventCategory "4"]
[SourceTitle "CBM 099 Extra"]
[Source "ChessBase"]
[SourceDate "2004.05.04"]
[SourceVersion "1"]
[SourceVersionDate "2004.05.04"]
[SourceQuality "1"]

1. d4 Nf6 2. Bg5 e6 3. e4 h6 4. Bxf6 Qxf6 5. Nf3 d5 6. Nc3 Bb4 7. Bd3 0-0 8. 0-0 Bxc3 9. bxc3 b6 10. Nd2 Ba6 11. e5 Qe7 12. f4 Bxd3 13. cxd3 f5 14. exf6 Rxf6 15. Qg4 c5 16. Nf3 Nc6 17. dxc5 Qxc5+ 18. Kh1 Qe3 19. Rfe1 Qxd3 20. Rad1 Qg6 21. Qxg6 Rxg6 22. f5 exf5 23. Rxd5 Rf6 24. Nd4 Nxd4 25. cxd4 Rf7 26. Ree5 Rc8 27. h3 Rc1+ 28. Kh2 Rc2 29. a4 f4 30. Kg1 f3 31. gxf3 Rxf3 32. Rd7 Rg3+ 33. Kh1 Rxh3+ 34. Kg1 Ra3 35. Re1 Rxa4 36. d5 Rd2 37. d6 Rg4+ 38. Kh1 Rd5 39. Rd8+ Kh7 40. Re2 Rh5+ 41. Rh2 Rxh2+ 42. Kxh2 Rd4 43. Kg3 Kg6 44. Kf3 Kf6 45. Ke3 Rd1 46. Ke4 a5 47. Rf8+ Ke6 48. Re8+ Kd7 49. Re7+ Kxd6 50. Rxg7 Kc5 51. Rh7 Rd6 52. Ke5 a4 0-1

[Event "Rishon Le Ziyyon"]
[Site "Rishon Le Ziyyon"]
[Date "2004.03.26"]
[Round "7"]
[White "Rodshtein, Maxim"]
[Black "Drozdov, Alexandre"]
[Result "1-0"]
[WhiteElo "2357"]
[BlackElo "2344"]
[PlyCount "99"]
[EventDate "2004.03.20"]
[EventType "tourn"]
[EventRounds "9"]
[EventCountry "ISR"]
[EventCategory "4"]
[SourceTitle "CBM 099 Extra"]
[Source "ChessBase"]
[SourceDate "2004.05.04"]
[SourceVersion "1"]
[SourceVersionDate "2004.05.04"]
[SourceQuality "1"]

1. d4 d5 2. c4 c6 3. Nf3 Nf6 4. Nc3 e6 5. e3 Nbd7 6. Qc2 Bd6 7. Bd3 a6 8. 0-0 b5 9. b3 Bb7 10. e4 dxe4 11. Nxe4 Nxe4 12. Bxe4 Qc7 13. Bb2 Nf6 14. Bd3 0-0 15. Rfe1 Rfd8 16. Rac1 Bf4 17. Rcd1 h6 18. Ne5 bxc4 19. Qxc4 Nd5 20. Bb1 g6 21. h4 Qe7 22. g3 Bxe5 23. Rxe5 Qf6 24. Qe2 Qg7 25. Re1 Rd7 26. Qd2 Rad8 27. Bc1 Nf6 28. Qb4 Ba8 29. Bb2 Rd5 30. Qb6 a5 31. Ba3 Rxd4 32. Be7 Ng4 33. Bxd8 Nxe5 34. Be4 Rxe4 35. Rxe4 c5 36. Bf6 Nf3+ 37. Kg2 Nxh4+ 38. Kf1 Qxf6 39. Qb8+ Kg7 40. Qxa8 Nf5 41. Kg2 Qc3 42. Rc4 Qd2 43. Qf3 Qxa2 44. Rxc5 a4 45. Qc3+ Kh7 46. Rc7 Nd6 47. Qd4 Qa3 48. b4 Ne8 49. Rxf7+ Kg8 50. Qd7 1-0

[Event "Rishon Le Ziyyon"]
[Site "Rishon Le Ziyyon"]
[Date "2004.03.23"]
[Round "4"]
[White "Drozdov, Alexandre"]
[Black "Ganor, Dotan"]
[Result "1/2-1/2"]
[WhiteElo "2344"]
[BlackElo "2317"]
[PlyCount "115"]
[EventDate "2004.03.20"]
[EventType "tourn"]
[EventRounds "9"]
[EventCountry "ISR"]
[EventCategory "4"]
[SourceTitle "CBM 099 Extra"]
[Source "ChessBase"]
[SourceDate "2004.05.04"]
[SourceVersion "1"]
[SourceVersionDate "2004.05.04"]
[SourceQuality "1"]

1. d4 Nf6 2. Nf3 g6 3. Bf4 Bg7 4. e3 d6 5. Bd3 0-0 6. Nbd2 c5 7. dxc5 dxc5 8. Qe2 Nd5 9. Be5 Nb4 10. Bxg7 Nxd3+ 11. Qxd3 Qxd3 12. cxd3 Kxg7 13. d4 cxd4 14. Nxd4 Bd7 15. 0-0 Nc6 16. N2b3 Nxd4 17. Nxd4 Rac8 18. Rac1 Kf6 19. f4 Rxc1 20. Rxc1 Rc8 21. Rxc8 Bxc8 22. Kf2 e5 23. Nb5 Bd7 24. Nd6 b6 25. g3 Ke6 26. Ne4 h6 27. Nc3 Kd6 28. Ke2 exf4 29. exf4 Kc5 30. Ke3 Be6 31. Ke4 f6 32. Kd3 Bf5+ 33. Ke3 Be6 34. Ne4+ Kb4 35. Nxf6 Bxa2 36. Kd2 Be6 37. g4 Kb3 38. Kc1 Kc4 39. h4 Bf7 40. Kd2 Kd4 41. h5 gxh5 42. gxh5 Be6 43. f5 Bxf5 44. Ng8 Be6 45. Nxh6 Ke4 46. Kc3 a5 47. Ng4 Bxg4 48. h6 Bf5 49. Kc4 a4 50. Kb5 Kd3 51. Kb4 Kd4 52. Kxa4 Kc4 53. Ka3 b5 54. Ka2 Kb4 55. Ka1 Bh7 56. Ka2 Bg8+ 57. Ka1 Kb3 58. h7 1/2-1/2

[Event "Rishon Le Ziyyon"]
[Site "Rishon Le Ziyyon"]
[Date "2004.03.20"]
[Round "1"]
[White "Lerner, Konstantin Z"]
[Black "Drozdov, Alexandre"]
[Result "1-0"]
[WhiteElo "2515"]
[BlackElo "2344"]
[PlyCount "103"]
[EventDate "2004.03.20"]
[EventType "tourn"]
[EventRounds "9"]
[EventCountry "ISR"]
[EventCategory "4"]
[SourceTitle "CBM 099 Extra"]
[Source "ChessBase"]
[SourceDate "2004.05.04"]
[SourceVersion "1"]
[SourceVersionDate "2004.05.04"]
[SourceQuality "1"]

1. d4 d5 2. c4 c6 3. Nf3 Nf6 4. Nc3 e6 5. Bg5 Nbd7 6. e3 Bd6 7. Bd3 dxc4 8. Bxc4 b5 9. Bd3 Qb6 10. 0-0 h6 11. Bh4 0-0 12. e4 Bc7 13. e5 Nd5 14. Nxd5 exd5 15. Rc1 Re8 16. Qc2 Bb7 17. Bh7+ Kh8 18. Bf5 Nf8 19. Qd3 b4 20. Qe3 Bd8 21. Bxd8 Raxd8 22. Nd2 Bc8 23. Bb1 Ba6 24. Rfd1 Ne6 25. Nb3 Bc4 26. f4 Bxb3 27. axb3 Kg8 28. h4 Rd7 29. f5 Nf8 30. Rd3 f6 31. e6 Rde7 32. Qf4 Rd8 33. Rd2 g5 34. hxg5 hxg5 35. Qf2 g4 36. Qf4 Nh7 37. Rdc2 Rc7 38. Rc5 Kh8 39. Bd3 a6 40. Kf2 g3+ 41. Ke3 Rg8 42. Rxd5 Qa7 43. Rdc5 Rcg7 44. Be2 Ng5 45. Rxc6 Qa8 46. Rh1+ Nh7 47. Bf3 Qa7 48. Qd6 a5 49. Ra6 Qc7 50. Qxc7 Rxc7 51. d5 Rc2 52. Ra7 1-0

[Event "EU-ch Internet qual"]
[Site "Playchess.com INT"]
[Date "2003.11.08"]
[Round "13"]
[White "Drozdov, Alexandre"]
[Black "Maki Uuro, Miika"]
[Result "1-0"]
[WhiteElo "2313"]
[BlackElo "2391"]
[PlyCount "75"]
[EventDate "2003.11.08"]
[EventType "swiss (blitz)"]
[EventRounds "15"]
[EventCountry "GER"]
[SourceTitle "EXT 2004"]
[Source "ChessBase"]
[SourceDate "2003.11.25"]
[SourceVersion "1"]
[SourceVersionDate "2003.11.25"]
[SourceQuality "1"]

1. d4 c6 2. Bg5 d5 3. Nf3 h6 4. Bh4 Bf5 5. c4 Nd7 6. cxd5 cxd5 7. Nc3 Ngf6 8. e3 e6 9. Ne5 Be7 10. Bxf6 Bxf6 11. Nxd7 Kxd7 12. Qb3 Qb6 13. Bb5+ Ke7 14. a4 Kf8 15. a5 Qd6 16. a6 b6 17. 0-0 Kg8 18. Ne2 Kh7 19. Rac1 Rac8 20. Ng3 Bg6 21. Bd3 Bxd3 22. Qxd3+ g6 23. Rc3 Rxc3 24. Qxc3 b5 25. Ra1 Rb8 26. Ne2 Rb6 27. Qc8 Qc6 28. Qf8 Qc7 29. Rc1 Qd7 30. Rc8 h5 31. h3 Rxa6 32. Nf4 e5 33. Qg8+ Kh6 34. dxe5 Bxe5 35. Rf8 Qf5 36. Rxf7 Rf6 37. Rh7+ Kg5 38. Rxh5# 1-0

[Event "EU-ch Internet qual"]
[Site "Playchess.com INT"]
[Date "2003.11.08"]
[Round "2"]
[White "Timofeev, Artyom"]
[Black "Drozdov, Alexandre"]
[Result "0-1"]
[WhiteElo "2575"]
[BlackElo "2313"]
[PlyCount "252"]
[EventDate "2003.11.08"]
[EventType "swiss (blitz)"]
[EventRounds "15"]
[EventCountry "GER"]
[SourceTitle "EXT 2004"]
[Source "ChessBase"]
[SourceDate "2003.11.25"]
[SourceVersion "1"]
[SourceVersionDate "2003.11.25"]
[SourceQuality "1"]

1. e4 d5 2. exd5 Qxd5 3. Nc3 Qe5+ 4. Be2 c6 5. d4 Qc7 6. Nf3 Nf6 7. 0-0 Bg4 8. Bg5 Nbd7 9. Qd2 Bxf3 10. Bxf3 e6 11. Rfe1 Be7 12. Bf4 Bd6 13. Bg3 0-0 14. Rad1 Rad8 15. a3 Nb6 16. Qe2 Bxg3 17. hxg3 Nbd5 18. Nb1 Qb6 19. c4 Ne7 20. c5 Qc7 21. b4 Nf5 22. Qc4 Rd7 23. g4 Nh4 24. Be2 Rfd8 25. g3 Ng6 26. Nc3 Ne7 27. Bf3 Ned5 28. Ne2 h6 29. Kg2 Nh7 30. Be4 Ng5 31. Bc2 Nf6 32. f3 a6 33. Nc3 h5 34. f4 Ngh7 35. g5 Ng4 36. Ne4 Nf8 37. Nd6 b5 38. Qd3 g6 39. Qe4 Rxd6 40. cxd6 Qxd6 41. Bb3 a5 42. Rc1 axb4 43. Rxc6 Qxd4 44. Qxd4 Rxd4 45. axb4 Rxb4 46. Rb1 Ne3+ 47. Kf2 Nf5 48. Bc2 Rd4 49. Bxf5 gxf5 50. Rxb5 h4 51. Rb7 hxg3+ 52. Kxg3 Rd3+ 53. Kf2 Rd4 54. Ke3 Re4+ 55. Kf3 Ng6 56. Rc8+ Kg7 57. Rcc7 Rxf4+ 58. Kg3 Rg4+ 59. Kf2 Ne5 60. Rb5 Re4 61. Ra7 Kg6 62. Raa5 Ng4+ 63. Kg3 Kxg5 64. Ra7 Re3+ 65. Kg2 Kf6 66. Rbb7 Ne5 67. Rb4 Re4 68. Rb8 f4 69. Rh8 f3+ 70. Kf2 Re2+ 71. Kg3 Rg2+ 72. Kh3 Rg1 73. Ra2 Rh1+ 74. Rh2 Rxh2+ 75. Kxh2 Kf5 76. Kg3 Ke4 77. Ra8 f5 78. Ra4+ Ke3 79. Ra3+ Nd3 80. Kh2 f2 81. Kg2 e5 82. Kf1 e4 83. Ra2 Kf3 84. Rd2 Ke3 85. Re2+ Kd4 86. Rd2 f4 87. Ra2 Ne5 88. Rd2+ Ke3 89. Re2+ Kd4 90. Rxf2 f3 91. Rd2+ Ke3 92. Ra2 Kf4 93. Ra4 Ng4 94. Rb4 Ne3+ 95. Kf2 Ng4+ 96. Kf1 Nf6 97. Kf2 Nd5 98. Ra4 Nc3 99. Rc4 Nd1+ 100. Ke1 Ne3 101. Rc3 Ng2+ 102. Kf1 e3 103. Rxe3 Nxe3+ 104. Kf2 Nf5 105. Ke1 Nd6 106. Kf2 Ne4+ 107. Ke1 f2+ 108. Ke2 Kg3 109. Ke3 Ng5 110. Kd4 Kg2 111. Ke5 f1Q 112. Kd5 Qf2 113. Ke5 Qf3 114. Kd4 Kf2 115. Ke5 Qe4+ 116. Kd6 Kf3 117. Kc5 Qe6 118. Kd4 Kf4 119. Kd3 Qe5 120. Kc4 Qe4+ 121. Kc5 Ke3 122. Kd6 Qd4+ 123. Kc7 Ke4 124. Kc6 Qd5+ 125. Kb6 Ke5 126. Kc7 Ke6 0-1

[Event "Tel Aviv Summer"]
[Site "Tel Aviv"]
[Date "2003.07.28"]
[Round "8"]
[White "Drozdov, Alexandre"]
[Black "Shutzman, Joseph"]
[Result "1/2-1/2"]
[WhiteElo "2313"]
[BlackElo "2244"]
[PlyCount "72"]
[EventDate "2003.07.20"]
[EventType "tourn"]
[EventRounds "11"]
[EventCountry "ISR"]
[EventCategory "4"]
[SourceTitle "CBM 095 Extra"]
[Source "ChessBase"]
[SourceDate "2003.09.04"]
[SourceVersion "1"]
[SourceVersionDate "2003.09.04"]
[SourceQuality "1"]

1. d4 Nf6 2. Bg5 Ne4 3. Bf4 c5 4. f3 Nf6 5. dxc5 Qa5+ 6. Nc3 Qxc5 7. e4 d6 8. Qd2 a6 9. 0-0-0 Nbd7 10. Nh3 b5 11. Nf2 Bb7 12. Nd3 Qc7 13. g4 Rc8 14. h4 e5 15. Bh2 Nb6 16. g5 Nc4 17. Qe1 Nd7 18. Bh3 Rd8 19. f4 Be7 20. Rf1 Qb6 21. Bg1 Qa5 22. Kb1 0-0 23. Nd5 Bxd5 24. exd5 Qxe1 25. Rfxe1 f5 26. Bf1 Rc8 27. Nb4 Bd8 28. Nc6 h6 29. b3 Na5 30. Nxd8 Rcxd8 31. Be3 hxg5 32. hxg5 Rc8 33. Bd2 Nb7 34. a4 bxa4 35. bxa4 Nbc5 36. a5 Kf7 1/2-1/2

[Event "Tel Aviv Summer"]
[Site "Tel Aviv"]
[Date "2003.07.21"]
[Round "2"]
[White "Gross, David"]
[Black "Drozdov, Alexandre"]
[Result "1-0"]
[WhiteElo "2451"]
[BlackElo "2313"]
[PlyCount "53"]
[EventDate "2003.07.20"]
[EventType "tourn"]
[EventRounds "11"]
[EventCountry "ISR"]
[EventCategory "4"]
[SourceTitle "CBM 095 Extra"]
[Source "ChessBase"]
[SourceDate "2003.09.04"]
[SourceVersion "1"]
[SourceVersionDate "2003.09.04"]
[SourceQuality "1"]

1. e4 e6 2. d4 d5 3. Nc3 Nf6 4. Bg5 Bb4 5. e5 h6 6. Bd2 Bxc3 7. bxc3 Ne4 8. Qg4 g6 9. Bd3 Nxd2 10. Kxd2 c5 11. Nf3 Nc6 12. h4 Qc7 13. Qf4 f5 14. dxc5 Qa5 15. Qe3 Kf7 16. Rab1 d4 17. Nxd4 Nxd4 18. Qxd4 Rd8 19. Qe3 Kg7 20. g4 b6 21. gxf5 exf5 22. cxb6 Bb7 23. Rhg1 Rac8 24. Rb4 Rc5 25. h5 Rxe5 26. Rxg6+ Kf7 27. Qg3 1-0

[Event "Tel Aviv Before Thunder Storm"]
[Site "Tel Aviv"]
[Date "2002.10.24"]
[Round "5"]
[White "Gershkowich, David"]
[Black "Drozdov, Alexandre"]
[Result "0-1"]
[WhiteElo "2216"]
[BlackElo "2314"]
[PlyCount "124"]
[EventDate "2002.10.20"]
[EventType "tourn"]
[EventRounds "11"]
[EventCountry "ISR"]
[EventCategory "2"]
[SourceTitle "EXT 2003"]
[Source "ChessBase"]
[SourceDate "2002.11.25"]
[SourceVersion "1"]
[SourceVersionDate "2002.11.25"]
[SourceQuality "1"]

1. e4 e6 2. d4 d5 3. Nc3 Nf6 4. Bg5 Bb4 5. e5 h6 6. Be3 Ne4 7. Qg4 g6 8. a3 Bxc3+ 9. bxc3 c5 10. Bd3 Nxc3 11. dxc5 Nc6 12. Nf3 d4 13. Bxd4 Nxd4 14. Qxd4 Qxd4 15. Nxd4 Bd7 16. a4 Rc8 17. c6 Bxc6 18. Ra3 Bxg2 19. Rg1 Bd5 20. f3 Nb1 21. Ra1 Nc3 22. Ra3 Nb1 23. Ra1 Nc3 24. Kd2 0-0 25. Ra3 Na2 26. c3 Rc5 27. Bb1 Rd8 28. Bxa2 Bxa2 29. Rxa2 Rxe5 30. Rb1 Rc5 31. f4 f6 32. Rb5 b6 33. Kc2 Kf7 34. Rxc5 bxc5 35. Nb5 Rd7 36. Ra1 g5 37. fxg5 hxg5 38. Rd1 Re7 39. Rd6 Kg6 40. Ra6 Rh7 41. Rxa7 Rxh2+ 42. Kb3 g4 43. Rd7 f5 44. a5 g3 45. Rd1 g2 46. Rg1 f4 47. a6 f3 48. a7 Rh8 49. Nd6 Kh5 50. Nc4 Kh4 51. Nd2 Kg3 52. Kc4 Ra8 53. Ra1 f2 54. Ne4+ Kf3 55. Nxf2 Kxf2 56. Kxc5 Rxa7 57. Rxa7 g1Q 58. Rc7 e5 59. c4 Qg6 60. Rc6 Qf7 61. Rd6 e4 62. Rd1 e3 0-1

[Event "Tel Aviv Hot Summer"]
[Site "Tel Aviv"]
[Date "2002.08.31"]
[Round "10"]
[White "Neiman, Emmanuel"]
[Black "Drozdov, Alexandre"]
[Result "0-1"]
[WhiteElo "2292"]
[BlackElo "2347"]
[PlyCount "138"]
[EventDate "2002.08.22"]
[EventType "tourn"]
[EventRounds "11"]
[EventCountry "ISR"]
[EventCategory "3"]
[SourceTitle "EXT 2003"]
[Source "ChessBase"]
[SourceDate "2002.11.25"]
[SourceVersion "1"]
[SourceVersionDate "2002.11.25"]
[SourceQuality "1"]

1. Nf3 d5 2. g3 c6 3. Bg2 Qc7 4. 0-0 e5 5. d3 Bg4 6. e4 dxe4 7. dxe4 Nd7 8. h3 Bh5 9. c3 Ngf6 10. Nbd2 Be7 11. Qc2 Rd8 12. b4 a5 13. a3 c5 14. bxa5 c4 15. Qa4 0-0 16. Qxc4 Qxa5 17. Rb1 Rc8 18. Qb5 Qxc3 19. Bb2 Qc5 20. Bxe5 Nxe5 21. Nxe5 Qxb5 22. Rxb5 Be2 23. Rxb7 Bxf1 24. Bxf1 Bd6 25. Nec4 Rfd8 26. a4 Bc7 27. e5 Nd7 28. a5 Bxe5 29. a6 Bd4 30. Nb3 Bc5 31. a7 Ra8 32. Rxd7 Rxd7 33. Nxc5 Rdxa7 34. Nd3 f6 35. h4 Rd8 36. Nf4 Ra4 37. h5 Rd4 38. Ne3 Ra5 39. Bc4+ Kh8 40. Be2 Ra2 41. Bc4 Ra4 42. Be2 Kg8 43. Kg2 Kf7 44. Nf5 Rd2 45. Bf3 g6 46. hxg6+ hxg6 47. Ne3 f5 48. Nh3 Kf6 49. g4 f4 50. g5+ Ke6 51. Ng4 Rd3 52. Nf6 Ke5 53. Ng4+ Kf5 54. Nh6+ Ke6 55. Ng4 Rc3 56. Nh2 Ke5 57. Ng4+ Kf5 58. Nh6+ Ke6 59. Ng4 Raa3 60. Nh2 Ke5 61. Ng4+ Kf5 62. Nh6+ Ke5 63. Ng4+ Ke6 64. Nh2 Kf5 65. Bg4+ Ke4 66. Nf3 Rxf3 67. Bd7 Rfc3 68. f3+ Ke3 69. Ng1 Ra1 0-1

[Event "Tel Aviv Hot Summer"]
[Site "Tel Aviv"]
[Date "2002.08.29"]
[Round "8"]
[White "Gutzeit, Avraham"]
[Black "Drozdov, Alexandre"]
[Result "0-1"]
[WhiteElo "2153"]
[BlackElo "2347"]
[PlyCount "94"]
[EventDate "2002.08.22"]
[EventType "tourn"]
[EventRounds "11"]
[EventCountry "ISR"]
[EventCategory "3"]
[SourceTitle "EXT 2003"]
[Source "ChessBase"]
[SourceDate "2002.11.25"]
[SourceVersion "1"]
[SourceVersionDate "2002.11.25"]
[SourceQuality "1"]

1. e4 e6 2. d4 d5 3. Nc3 Nf6 4. Bg5 Bb4 5. e5 h6 6. Bd2 Bxc3 7. bxc3 Ne4 8. Qg4 g6 9. Bd3 Nxd2 10. Kxd2 c5 11. Nf3 Qc7 12. Qf4 f5 13. h4 Nc6 14. dxc5 Qa5 15. Nd4 Qxc5 16. Nb5 Ke7 17. g4 Bd7 18. gxf5 gxf5 19. Rhg1 Rag8 20. Raf1 a6 21. Rxg8 Rxg8 22. Qxh6 Nxe5 23. Nd4 Rc8 24. Ne2 b5 25. Qf4 Ng4 26. f3 Nf6 27. Rg1 Be8 28. Rg7+ Bf7 29. Bxf5 d4 30. Bg6 dxc3+ 31. Ke1 Rf8 32. h5 e5 33. Qg5 Qd5 34. h6 Qxf3 35. Qxe5+ Kd8 36. Qd6+ Nd7 37. Bxf7 Rxf7 38. Rxf7 Qxf7 39. Nf4 Qc4 40. Ne6+ Ke8 41. Nd4 Nf8 42. Qe5+ Kf7 43. Nf3 Qg4 44. Qxc3 Qe6+ 45. Kf2 Qxh6 46. Ne5+ Kg8 47. Qb3+ Ne6 0-1